000 00968nam a22003377a 4500
001 0018433
003 KOHA_MİRAKIL
005 20260207002211.0
007 ta
008 100813b2002 tu |||gr||||#||||0|tur |
020 _a9755330534
040 _aTR-BiSEU
_btur
_cTR-BiSEU
_erda
041 0 _atur
044 _ctu
050 _aHT169.K46
_bK45 2002
100 1 _aKeleş, Ruşen.
245 1 _aKentleşme politikası/
_cRuşen Keleş ; Ruşen Keleş.
264 1 _aAnkara :
_bİmge Kitabevi
_c2002
300 _a510 s.; 21 cm.
336 _ametin
_btxt
_2rdacontent
337 _aaracısız
_bn
_2rdamedia
338 _acilt
_bnc
_2rdacarrier
500 _aKaynakça var.
650 0 _aŞehirleşme--Türkiye.
_910387
650 0 _aUrbanization--Turkey.
_910384
650 0 _aŞehir planlama--Türkiye.
_942416
650 0 _aCity planning--Turkey.
_913236
650 0 _aŞehirleşme.
_942417
650 0 _aUrbanization.
_942418
942 _2lcc
_cBK
999 _c18390
_d18390